header

North Korean paradoxes (Record no. 95632)

MARC details
000 -LEADER
fixed length control field 01466nam a22003614a 4500
082 04 - DEWEY DECIMAL CLASSIFICATION NUMBER
Classification number 951.9304/3
100 1# - MAIN ENTRY--AUTHOR NAME
Personal name Wolf, Charles,
245 10 - TITLE STATEMENT
Title North Korean paradoxes
260 ## - PUBLICATION, DISTRIBUTION, ETC. (IMPRINT)
Place of publication Santa Monica, CA :
Name of publisher RAND Corporation,
Year of publication 2005.
300 ## - PHYSICAL DESCRIPTION
Number of Pages xxi, 71 p. :
Other physical details ill.
500 ## - GENERAL NOTE
General note "MG-333-OSD"--p. 4 of cover.
650 #0 - SUBJECT ADDED ENTRY--TOPICAL TERM
Topical Term Korean reunification question (1945- )
Topical Term Security, International.
700 1# - ADDED ENTRY--PERSONAL NAME
Personal name Akramov, Kamil.
856 40 - ELECTRONIC LOCATION AND ACCESS
Uniform Resource Identifier http://site.ebrary.com/lib/rucke/Doc?id=10152629

No items available.

© 2026 Rongo University
Contact us: librarian | system librarian | Rongo university